Duolingoで使える言語 - Statistics

General Stats
  • This quiz has been taken 234 times
    229 since last reset
  • The average score is 24 of 43
Answer Stats
言語 % Correct
英語
100%
韓国語
98%
フランス語
97%
中国語
97%
ロシア語
97%
スペイン語
96%
ドイツ語
96%
日本語
96%
ポルトガル語
94%
アラビア語
91%
イタリア語
88%
ヒンディー語
77%
ギリシャ語
75%
ノルウェー語
74%
フィンランド語
74%
スウェーデン語
73%
オランダ語
73%
トルコ語
70%
インドネシア語
70%
ベトナム語
69%
ウクライナ語
68%
デンマーク語
65%
ポーランド語
65%
スワヒリ語
57%
チェコ語
55%
ハンガリー語
53%
ルーマニア語
52%
アイルランド語
49%
ラテン語
42%
ヘブライ語
34%
エスペラント語
29%
ハワイ語
26%
広東語
25%
ウェールズ語
14%
カタルーニャ語
13%
ズールー語
12%
ナバホ語
11%
イディッシュ語
9%
スコットランド・ゲール語
7%
クリンゴン語
7%
グアラニー語
7%
ハイチ・クレオール語
5%
ヴァリリア語群
3%
No matching quizzes found
Score Distribution
Percent of People with Each Score
Percentile by Number Answered
Your Score History
You have not taken this quiz since the last reset